000 00712nam a22002417a 4500
001 30523
003 UA-OsUOA
005 20220702102316.0
007 ta
008 20041111b un ||||| |||| 00| 0 ukr d
020 _a5-12-001563-8
040 _aUA-OsUOA
_brus
_cUA-OsUOA
_dUA-OsUOA
041 _arus
044 _aRU
080 _a82-31(4)
090 _a82-31(4)
_bР69
245 _aРоман в литературах стран Центральной и Юго-Восточной Европы
_bсборник научных трудов
_cред. В. П. Ведина
260 _aКиев
_bНаукова думка
_c1990
300 _a316 с.
650 7 _2UDC
942 _cBK
_2udc
955 _a0
999 _c316935
_d316935